Clubs ayant le plus de saisons en Top 14. - Statistiques

Statistiques générales
  • Ce quiz a été pris 564 fois
    500 depuis la dernière actualisation
  • Le résultat moyen est 19 sur 26
Statistiques - réponses
Titres Saisons Club % Correct
22 103 1907 - 2025 Stade toulousain
100%
5 84 1933 - 2022 Biarritz olympique
97%
14 58 1891 - 2025 Stade français Paris
97%
6 98 1891 - 2025 Racing 92
96%
2 96 1925 - 2025 ASM Clermont
94%
4 98 1909 - 2025 RC Toulon
93%
2 55 1905 - 2025 Lyon OU
93%
3 89 1911 - 2025 Aviron bayonnais
91%
2 78 1919 - 2003 CA Bègles-Bordeaux
89%
5 78 1922 - 2025 Castres olympique
87%
3 84 1921 - 2025 Section paloise
87%
7 97 1911 - 2025 USA Perpignan
87%
- 59 1905 - 2025 Stade rochelais
85%
7 51 1898 - 1995 Stade bordelais UC
84%
- 85 1920 - 2023 CA Brive
78%
1 88 1899 - 2019 FC Grenoble
71%
8 90 1922 - 2021 SU Agen
68%
11 75 1919 - 2005 AS Béziers
68%
2 80 1911 - 2007 RC Narbonne
61%
1 58 1909 - 2010 US Montauban
61%
- 72 1919 - 2009 US Dax
59%
8 64 1921 - 1994 FC Lourdes
48%
2 72 1905 - 1995 Stado Tarbes PR
45%
- 50 1910 - 2008 FC Auch
37%
- 61 1912 - 2001 CA Périgueux
13%
- 50 1906 - 1993 US Cognac
2%
Aucun quiz correspondant
Distribution des résultats
% des personnes avec chaque résultat
Percentile par nombre de réponses
Votre historique - résultats
Vous n’avez pas pris ce quiz depuis la dernière actualisation